000 01286cam a22004097 4500
001 1698
003 DO-SdBPM
005 20250722101745.0
007 ta
008 080807s2009 ur a | |||| 000 1 spa
015 _a
017 _a
_b
020 _a9789681910129
035 _a
040 _aDO-SdBPM
_bspa
_cBPMSU
_e rda
_drda
041 1 _aspa
_h
080 _a
082 4 _a823.91
_bD131g 2009
_222
100 1 _aDahl, Roald
_d1916-1990
_eautor
240 1 4 _aThe magic finger
_lEspañol
245 1 3 _aEl gran gigante Bonachón /
_cRoald Dahl ; ilustraciones de Quentin Blake ; traducción de Herminia Dauer.
_h
250 _a
264 _aUruguay :
_bSantillana Ediciones Generales,
_c2009
300 _a74 páginas :
_bilustraciones ;
_c21 cm
336 _atexto
_btxt
_2rdacontent
337 _asin mediación
_bn
_2rdamedia
338 _avolumen
_bnc
_2rdacarrier
490 0 _aAlfaguara juvenil
500 _aIncluye datos biográficos del autor
590 _aInventariado, 2025/VM
650 7 _aCuentos juveniles ingleses.
650 7 _aGigantes
_vCuentos infantiles.
700 1 _aBlake, Quentin
_d1932-
_eilustraciones
700 1 _aDauer, Herminia
_etraductora
910 _aVMateo V. Control de calidad. BPMSU
942 _2ddc
_cBK
999 _c15259
_d15259